Consumer marketing strategies

Saved in:
Bibliographic Details
Format: Book
Language:English
Published: U.S.A : A Harvard business review paperback, 1991
Subjects:
Tags: Add Tag
No Tags, Be the first to tag this record!

MARC

LEADER 00000nam a2200000 i 4500
001 1/22724
008 960711s1991 eng d
020 |a 0-87584-283-6 
035 |l 10021952 
040 |a GR-MY-UA  |b gre  |e aacr 
041 0 |a eng 
082 0 |a 658.834 
245 1 0 |a Consumer marketing strategies 
260 |a U.S.A :   |b A Harvard business review paperback,   |c 1991 
300 |a 176 p. 
650 0 0 |a Consumers. 
852 |a INST  |b CHIOS  |e 19960711  |h 658.834 CON  |p 005200004097  |q 005200004097  |t BK  |y 0 
909 |a Χ  |b 023415